Language specifics of writing a paper in English

Pohľad na lingvistické špecifiká anglických odborných textov v porovnaní s bežným textom.

Gespeichert in:
Bibliographische Detailangaben
1. Verfasser: Vančíková, Jana
Format: Buchkapitel
Sprache:Englisch
Schlagworte:
Tags: Tag hinzufügen
Keine Tags, Fügen Sie das erste Tag hinzu!

MARC

LEADER 00000naa a2200000 4500
001 0123713
005 20240605121457.3
041 0 |a eng 
044 |a SK 
245 1 0 |a Language specifics of writing a paper in English  |c Jana Vančíková 
520 |a Pohľad na lingvistické špecifiká anglických odborných textov v porovnaní s bežným textom. 
610 2 0 |a angličtina 
610 2 0 |a jazykoveda 
610 2 0 |a výučba vedecká 
100 1 |a Vančíková, Jana